000 00280nam a2200109Ia 4500
008 200302s9999 xx 000 0 und d
100 _aJan Turnovsky & Other
245 _aThe Poetics of A Wall ProJection
260 _bArchitectural Association
260 _c2009
300 _a126 P.,
999 _c2673
_d2673